000 00563nam a2200229Ia 4500
003 OSt
005 20220924152746.0
006 a|||||r|||| 00| 0
007 ta
008 220923b |||||||| |||| 00| 0 guj d
024 _a344274
037 _cTextual
040 _aARTS
_cARTS
_bguj
041 _2guj
_aguj
082 _aO15,2:g, 156J9
100 _aBakshi R.P.
_9227385
245 0 _aNatyarasa
260 _c1959
650 _aSANSKRIT LITERATURE
942 _hO15,2:g, 156J9
_cTEXL
_2CC
999 _c470879
_d470879